[Event "GEO-ch U20 Girls 2020"]
[Site "Tbilisi"]
[Date "2020.08.06"]
[Round "1.7"]
[White "Pipia, Ekaterine"]
[Black "Bedoshvili, Dea"]
[Result "1-0"]
[WhiteElo "2071"]
[BlackElo "1587"]
[Annotator "TA"]
[PlyCount "71"]
[EventDate "2020.08.06"]
[EventType "tourn"]
[EventCountry "GEO"]
[SourceTitle "playchess.com"]
[Source "ChessBase"]
[SourceQuality "1"]

{[%evp 9,71,12,57,47,48,16,50,41,63,20,22,20,28,8,33,24,21,0,14,-6,0,-69,70,58,62,69,51,67,80,66,60,46,58,47,60,52,64,56,73,84,98,81,83,87,63,90,121,109,153,135,672,671,668,653,1079,1076,1002,945,2074,1994,29988,29989,29992,29993]} 1. Nf3 d5 2. e3 Nd7 3. c4 e6 4. Nc3 c6 5. b3 f5 6. Bb2 {A06: Réti Opening: 1 Nf3 d5.} Ngf6 {[#]} 7. Bd3 $146 ({Predecessor:} 7. d4 Bd6 8. Bd3 Ne4 9. Qc2 Qf6 10. O-O-O b6 11. Rdf1 Bb7 12. Rhg1 g5 13. h3 Nxc3 14. Bxc3 {0-1 (51) Inoue,S (2002)-Shanmugam,R (2156) Kuala Lumpur 2006}) 7... Nc5 8. Bc2 {White is slightly better.} Be7 9. cxd5 exd5 10. Ne2 O-O 11. Nfd4 Ne8 12. b4 Ne4 13. Nf4 $36 {[%mdl 2048] Black should prevent Nde6. White is pushing.} Nc7 14. f3 Nd6 15. Qe2 ({Better is} 15. O-O $11) 15... Ndb5 (15... a5 $15 16. bxa5 Bf6) 16. Nxb5 $14 Nxb5 17. Nxd5 cxd5 ({Avoid the trap} 17... Qxd5 $2 18. Bb3 $18) 18. Qxb5 a6 19. Qd3 Bxb4 {[#]} 20. Qd4 $1 {[%csl Gb2][%cal Rd4g7][%mdl 512]} Qe7 $1 21. Bb3 Be6 22. Bxd5 Bxd5 23. Qxd5+ Rf7 {[#]} 24. Qb3 $1 Rc8 25. Ke2 Qd6 26. Bd4 f4 27. Rac1 Re8 28. Rc4 a5 {[#]} 29. Rhc1 $1 {aiming for a3!} Kf8 $2 {[%mdl 8192] [#] Loses the game.} (29... Qg6 $16 30. Kf1 Qe6) 30. Rxb4 $1 $18 {[%mdl 512]} fxe3 (30... axb4 31. Bc5) 31. dxe3 Qxh2 32. Bc5+ Kg8 33. Rg4 h5 34. Rg5 {Threatening mate with Bd4!} h4 35. Rc4 Re6 36. Rcg4 {[%mdl 64] Discovered Attack. Accuracy: White = 89%, Black = 55%.} 1-0

[Event "GEO-ch U20 Girls 2020"]
[Site "Tbilisi"]
[Date "2020.08.06"]
[Round "1.8"]
[White "Oniani, Tamar"]
[Black "Tsotsonava, Elene"]
[Result "1-0"]
[WhiteElo "1569"]
[BlackElo "2012"]
[Annotator "TA"]
[PlyCount "78"]
[EventDate "2020.08.06"]
[EventType "tourn"]
[EventCountry "GEO"]
[SourceTitle "playchess.com"]
[Source "ChessBase"]
[SourceQuality "1"]

{[%evp 12,78,16,6,7,18,14,20,22,3,47,40,45,39,139,131,106,93,131,133,122,121,188,209,196,105,116,127,116,104,106,102,122,112,128,117,156,150,357,188,298,285,247,181,220,188,294,235,310,344,306,289,400,328,500,320,358,362,409,376,401,301,340,350,503,403,29987,587,568]} 1. d4 d5 2. c4 dxc4 3. Nf3 Nf6 4. Nc3 a6 5. a4 e6 6. e3 c5 7. Bxc4 cxd4 {D26: Queen's Gambit Accepted: 4 e3 e6 5 Bxc5 c5 sidelines.} 8. exd4 Bb4 {8...Be7 is the modern continuation.} 9. O-O O-O {The position is equal.} 10. Qb3 {[#]} Qa5 $146 ({Predecessor:} 10... Bd6 11. Bg5 Nc6 12. Be2 h6 13. Be3 Nd5 14. Rac1 Na5 15. Qc2 b6 16. Nxd5 exd5 {1-0 (45) Stec,J (1963)-Matirko,E (1774) Slovakia 2016}) 11. Bf4 Nc6 12. d5 $36 {[%mdl 2048] Black is under pressure.} Bxc3 (12... Nxd5 $14 13. Nxd5 exd5 14. Bxd5 Bf5) 13. dxc6 $16 {Threatens to win with Bd6.} (13. Qxc3 Qxc3 14. bxc3 Na5 $15) 13... Bb4 14. Nd4 e5 {[#]} 15. Bxe5 $1 {[%mdl 576] Deflection} Qxe5 16. Qxb4 {Strongly threatening Rfe1.} Ng4 (16... Qc7 $16 {is a better defense.}) 17. Nf3 $18 Qc7 {[#]} 18. Rac1 ({White should try} 18. Rfe1 $1 $18) 18... a5 19. Qa3 bxc6 20. h3 Nf6 21. Rfe1 Bf5 22. Nd4 Be4 23. Bb5 Qf4 24. Nxc6 Nh5 $2 {This costs Black the game.} (24... Bxc6 $16 {was necessary.} 25. Bxc6 Rab8) 25. Qe3 (25. Qc5 $142) 25... f5 (25... Qxe3 $142 26. Ne7+ (26. fxe3 Bxc6 27. Rxc6 g6 $16) (26. Rxe3 Nf6 $18) 26... Kh8 27. Rxe3 (27. fxe3 g6 $16) 27... Nf6) 26. Ne7+ Kh8 27. Bc6 Bxc6 28. Nxc6 ({Don't do} 28. Rxc6 $6 Qxa4 29. Rc5 Qf4 $16) 28... Qh4 (28... Qxa4 $142 29. Qf3 Nf6) 29. Nd4 f4 30. Qf3 Nf6 31. Ne6 Rfb8 32. Nxf4 Ra7 (32... Ng8 {keeps fighting.} 33. Rc5 Qf6) 33. b3 Rf7 34. Rc4 Qh6 35. Qg3 {Black must now prevent Ng6+!} Rbf8 36. Ne6 Re8 37. Rc7 Nh5 (37... Rxc7 $142 38. Qxc7 Ng8) 38. Qc3 {Ng5 would kill now.} (38. Rxf7 $2 {loses.} Nxg3 39. fxg3 Kg8 $19) 38... Rf6 (38... Qf6 $18 39. Qxf6 Rxf6) 39. Nxg7 (39. Rc8 $142 Rg8 {[#]} 40. Ng5 $1 {[%mdl 512]} g6 41. Nf7+ {[%mdl 64] Double Attack} Kg7 42. Rxg8+ Kxg8 43. Nxh6+ Kg7 44. Ng4 {[%mdl 64] Pin}) 39... Nxg7 {Accuracy: White = 58%, Black = 31%.} 1-0

[Event "GEO-ch U20 Girls 2020"]
[Site "Tbilisi"]
[Date "2020.08.06"]
[Round "1.9"]
[White "Janiashvili, Mariami"]
[Black "Mamardashvili, Ana"]
[Result "1-0"]
[WhiteElo "2012"]
[BlackElo "1528"]
[Annotator "TA"]
[PlyCount "89"]
[EventDate "2020.08.06"]
[EventType "tourn"]
[EventCountry "GEO"]
[SourceTitle "playchess.com"]
[Source "ChessBase"]
[SourceQuality "1"]

{[%evp 20,89,37,24,121,118,134,121,119,119,225,222,206,208,197,189,281,277,289,209,216,216,254,163,164,177,174,187,164,160,279,272,435,435,425,392,418,389,475,462,517,506,591,557,579,529,937,937,888,850,1886,1863,1829,1822,1644,1650,29977,1545,29979,29980,29980,29981,29982,29983,29984,29985,29989,29986,29984,29985,29985,29986]} 1. d4 Nf6 2. c4 g6 3. g3 Bg7 4. Bg2 O-O 5. Nc3 d6 6. Nf3 Nbd7 7. O-O c6 8. e4 Qc7 9. Qc2 e5 10. Rd1 Re8 11. b3 d5 {E68: King's Indian: Fianchetto: 6...Nbd7 7 0-0 e5 8 e4.} (11... b5 $11) 12. exd5 $16 (12. cxd5 $6 cxd5 13. exd5 Nxd5 $11) 12... cxd5 13. dxe5 (13. cxd5 $6 Nxd5 14. Bb2 Nxc3 $11) 13... Nxe5 {White is better.} 14. Nxe5 {[#]} d4 $146 (14... Qxe5 $16 {keeps fighting.} 15. Bb2 Qf5 16. Qxf5 Bxf5) ({Predecessor:} 14... Qxe5 15. Bf4 Qh5 16. cxd5 Bf5 17. Qd2 Rad8 18. Rac1 Ne4 19. Nxe4 Bxe4 20. d6 Bxg2 21. Kxg2 {1-0 (27) Kremshofer,W (2023)-Lux,H (1751) Austria 2017}) 15. Bf4 $18 (15. Rxd4 Qxe5 16. Be3 Bf5 $14) 15... dxc3 16. Nxg6 $1 (16. Qxc3 Nh5 $14) 16... Qc5 {[#]} 17. Nh4 $1 ({Don't play} 17. Bd6 Qf5 $16) 17... Ng4 (17... Qa3 $142 18. Rac1 (18. Qxc3 Nh5 $16) 18... Bg4) 18. h3 Nf6 19. Be3 Rxe3 20. fxe3 Qxe3+ 21. Qf2 Qxf2+ 22. Kxf2 Be6 23. Bxb7 Rb8 24. Bg2 c2 (24... a5 $16 {might work better.} 25. Rac1 a4) 25. Re1 Bxc4 (25... Bh6 $142 26. Rac1 Bxc1 27. Rxc1 Kf8 28. Rxc2 a5) 26. bxc4 Ng4+ 27. hxg4 {Threatens to win with Rac1.} Bxa1 28. Rc1 ({Don't blunder} 28. Rxa1 $2 Rb1 $19) 28... Bd4+ 29. Ke2 Rb2 30. Kd3 Be5 31. Rxc2 Rxc2 32. Kxc2 Bxg3 33. Nf5 Bc7 34. Kd3 f6 35. Bd5+ Kf8 36. Ke4 Ke8 37. Bg8 Kd7 38. Kd5 (38. Bxh7 $142 a5 39. c5 Kc6 40. Nd4+ Kb7 41. Kf5 Ka6 42. Kxf6 Bh2 43. g5) 38... Bf4 39. Bxh7 {White mates.} Kc7 40. c5 {[%cal Bc4c5,Bc5c6][%mdl 32]} Kb7 41. c6+ Kb6 42. Nd4 Be5 43. Ne6 Bg3 {[#]} 44. c7 $1 Kb7 (44... Bxc7 45. Nxc7) 45. Bd3 {Black got outplayed after the opening. Accuracy: White = 73%, Black = 28%.} 1-0

[Event "GEO-ch U20 Girls 2020"]
[Site "Tbilisi"]
[Date "2020.08.06"]
[Round "1.10"]
[White "Sichinava, Mariam"]
[Black "Lomaia, Diana"]
[Result "1-0"]
[WhiteElo "1479"]
[BlackElo "1999"]
[Annotator "TA"]
[PlyCount "115"]
[EventDate "2020.08.06"]
[EventType "tourn"]
[EventCountry "GEO"]
[SourceTitle "playchess.com"]
[Source "ChessBase"]
[SourceQuality "1"]

{[%evp 9,115,-21,-20,-28,0,-4,-8,0,-7,0,33,35,43,17,18,-36,17,-41,-38,-50,-58,-53,-34,-69,0,-50,-17,-71,0,-17,100,102,97,100,95,102,97,100,156,150,195,202,177,152,331,182,188,190,179,162,249,246,303,291,300,101,104,96,22,-21,97,105,100,95,95,94,81,77,87,60,60,62,121,121,178,177,157,163,318,311,435,435,394,302,639,585,447,410,606,591,29974,29975,29974,29976,29977,29978,29977,29977,29978,29979,29985,29986,29986,29987,29990,29987,29987,29986]} 1. Nf3 d5 2. g3 c5 3. Bg2 Nc6 4. c4 d4 5. O-O e5 6. e3 {A09: Réti Opening: 1 Nf3 d5 2 c4.} Be7 7. exd4 {[#]} cxd4 $146 ({Predecessor:} 7... exd4 8. d3 Nf6 9. Bg5 O-O 10. Nbd2 h6 11. Bxf6 Bxf6 12. Ne4 Be7 13. a3 f5 14. Ned2 a5 15. Re1 f4 16. Ne5 Nxe5 17. Rxe5 fxg3 18. hxg3 {1-0 (57) Purtseladze,M (2274)-Belenkaya,D (2297) chess.com INT 2020}) 8. Re1 {The position is equal.} f6 9. d3 a5 10. Na3 Bd6 11. Nc2 Nge7 12. Rb1 (12. Nd2 $11) 12... O-O (12... Bg4 $15) 13. b3 ({White should play} 13. Nd2 $11) 13... Bg4 14. a3 Qd7 15. b4 axb4 16. axb4 Ng6 (16... b5 $15) 17. b5 (17. c5 $5 {[%cal Rc5d6]} Bc7 18. Na3 $15) 17... Nce7 18. Nb4 (18. Bd2 $11 {keeps the balance.}) 18... Bxb4 ({Better is} 18... Qf5 $1 $17) 19. Rxb4 $11 Ra2 (19... Qf5 $11) 20. Ra4 $16 Ra8 21. Rxa2 Rxa2 22. Qb3 $36 {[%mdl 2048] White is really pushing.} Ra8 23. Ba3 Nc8 (23... Bh3 $142) 24. Nd2 $1 Nf8 25. Ne4 ({Don't do} 25. Bd5+ $6 Ne6 $14) 25... Ne6 26. c5 Kh8 $2 {[#]} (26... h5 $16 27. f4 exf4) 27. c6 (27. f4 $142 $1 {[%mdl 512]}) 27... bxc6 $18 28. bxc6 {[%cal Bb5c6,Bc6c7][%mdl 32]} Qa7 29. Bd6 Bf5 (29... Nc7 $142 30. Bc5 Qa2) 30. c7 $1 Qa2 31. Qb5 Qa4 32. Qxa4 $2 (32. Qb8 $18 {and White stays clearly on top.}) 32... Rxa4 $16 {[#]} 33. Rb1 $1 {Strongly threatening h3.} Ra7 (33... h5 $16) 34. h3 {Hoping for g4.} h5 {[#]} (34... Nxc7 $11 35. Bc5 Ra5) 35. Rb8 $1 {[%cal Rb8c8]} ({But not} 35. Rc1 Bg6 $15) 35... Nxc7 36. Bxc7 Rxc7 37. Nd6 $1 {[%cal Rd6f5]} Rc1+ 38. Kh2 Bxd3 39. Rxc8+ Rxc8 40. Nxc8 Ba6 {Black is now going downhill.} (40... g6 $14) 41. Nd6 d3 (41... Kh7 $16 42. f4 Kg8 43. Bd5+ Kf8 44. fxe5 fxe5) 42. Ne4 $18 f5 43. Nd2 e4 $2 {[#]} (43... Kh7 44. Bc6 Kg6) 44. g4 $1 g6 (44... fxg4 45. hxg4) 45. gxf5 gxf5 46. Kg3 Kg7 $2 (46... h4+ 47. Kxh4 Bb7) 47. h4 Kf6 {intending ...Ke5.} 48. Kf4 Bb5 (48... Bc8 $142 49. f3 exf3 50. Bxf3 Kg6) 49. Bh3 Ke6 50. Bxf5+ {White mates.} Kd5 51. Ke3 Ke5 52. Bxe4 Ba6 53. f4+ Kf6 54. Bxd3 Bxd3 55. Kxd3 Kf5 56. Ke3 Kg4 57. Nf3 Kf5 58. Ne5 {Accuracy: White = 72%, Black = 38%.} 1-0

[Event "GEO-ch U20 Girls 2020"]
[Site "Tbilisi"]
[Date "2020.08.06"]
[Round "1.11"]
[White "Koridze, Lile"]
[Black "Engibaryan, Yana"]
[Result "1-0"]
[WhiteElo "1996"]
[BlackElo "1444"]
[Annotator "TA"]
[PlyCount "71"]
[EventDate "2020.08.06"]
[EventType "tourn"]
[EventCountry "GEO"]
[SourceTitle "playchess.com"]
[Source "ChessBase"]
[SourceQuality "1"]

{[%evp 24,71,6,0,2,0,0,0,0,0,0,0,20,17,10,23,16,11,49,46,69,37,22,16,39,35,134,145,244,241,300,300,300,298,300,300,752,740,1060,627,601,592,1683,1670,2070,2010,29986,29988,29987,29988]} 1. d4 Nf6 2. c4 g6 3. Nc3 d5 4. Nf3 Bg7 5. Bg5 Ne4 6. cxd5 Nxg5 7. Nxg5 e6 8. Qd2 exd5 9. Qe3+ Kf8 10. Qf4 Bf6 11. h4 h6 12. Nf3 Kg7 13. e3 Be6 {D91: Grünfeld: 4 Nf3 Bg7 5 Bg5.} 14. Bd3 c5 15. dxc5 Nd7 {The position is equal.} 16. O-O Nxc5 {[#]} 17. Bc2 $146 ({Predecessor:} 17. Rad1 Bxc3 18. bxc3 Qf6 19. Qb4 Rac8 20. Bc2 b6 21. Rd4 Nd7 22. Bb3 Rc5 23. Rfd1 {1-0 (54) Kuzmin,G (2518)-Holmsten,A (2380) Koszalin 1999}) 17... Qe7 18. Rad1 Rad8 19. h5 g5 20. Qb4 b6 21. Nd4 Qd7 22. Nxe6+ Qxe6 23. Ne2 {[%cal Bc3e2,Be2g3,Bg3f5,Bf5d6][%mdl 32]} a5 24. Qb5 Qg4 ({Black should try} 24... Ne4 $14) 25. Ng3 $16 Qc4 (25... Qe6 $16 26. Nf5+ Kg8) 26. Nf5+ $18 ({But not} 26. Qxb6 $6 Qxc2 27. Rd2 Rb8) 26... Kf8 27. Qxb6 Ne6 28. Bb3 Qe4 29. Nd6 Qe5 $2 (29... Qb4 30. Qxb4 axb4) 30. Rxd5 {[%mdl 64] [#] Double Attack} Qxb2 31. Qb7 {[%csl Gd6][%cal Rb7f7]} Rh7 {Black hopes to continue with ...a4.} 32. Rfd1 Be7 33. Nf5 Qf6 34. Nxe7 Qxe7 35. Rxd8+ Nxd8 {[#]} 36. Qc8 $1 {Accuracy: White = 85%, Black = 39%.} 1-0

[Event "GEO-ch U20 Girls 2020"]
[Site "Tbilisi"]
[Date "2020.08.06"]
[Round "1.12"]
[White "Tsetskhladze, Mariam"]
[Black "Donghvani, Nia"]
[Result "1/2-1/2"]
[WhiteElo "1397"]
[BlackElo "1994"]
[Annotator "TA"]
[PlyCount "131"]
[EventDate "2020.08.06"]
[EventType "tourn"]
[EventCountry "GEO"]
[SourceTitle "playchess.com"]
[Source "ChessBase"]
[SourceQuality "1"]

{[%evp 18,131,0,0,0,-3,0,-23,-20,-52,0,0,0,0,36,34,59,-5,-18,-7,0,-8,24,12,56,10,10,0,0,0,0,0,85,0,0,0,0,0,0,0,0,0,0,0,0,-25,0,0,0,0,0,0,0,0,0,0,0,0,0,0,0,0,0,0,0,-7,-7,-7,0,-7,-7,-7,-7,-7,-7,-7,-7,-7,-7,-7,-7,-7,-7,-8,-8,-8,-7,-8,-8,-8,-8,-8,-8,-8,-8,-8,-8,-8,-8,-8,-8,-8,-8,-8,-8,-8,-8,-8,0,-8,-8,-8,0,0,0,0]} 1. e4 c5 2. Nf3 d6 3. Bb5+ Nd7 4. O-O a6 5. Bxd7+ Bxd7 6. d4 cxd4 7. Nxd4 Nf6 8. Nc3 g6 9. h3 Bg7 10. Be3 O-O {B51: Sicilian: Moscow Variation (3 Bb5+) without 3...Bd7.} 11. Qd2 Re8 12. Rad1 b5 {Black has an edge.} 13. a3 {[#]} Qc8 $146 (13... a5 $1 $15) ({Predecessor:} 13... Qc7 14. Bg5 Qb7 15. Rfe1 a5 16. Bxf6 Bxf6 17. Nd5 Bg7 18. c3 e6 19. Ne3 Qxe4 {0-1 (49) Schlegel,S (1813)-Herzel,D (2023) Landau 2018}) 14. f3 Qb7 15. Nb3 a5 16. e5 $1 {[%cal Re5f6]} Nh5 17. Nc5 ({Better is} 17. exd6 $14 Ng3 18. Rfe1 exd6 19. Qxd6) 17... dxc5 $11 18. Qxd7 Qxd7 19. Rxd7 Bxe5 20. Nxb5 Rab8 21. c4 Bxb2 22. Bxc5 Rbc8 23. Bxe7 Rxc4 24. Rfd1 {Threatens to win with Nd6.} Rc2 {[#]} (24... Rb8 $11 {remains equal.} 25. Rd8+ Rxd8 26. Rxd8+ Kg7) 25. Rd8 (25. Nc7 $1 $16 {[%cal Rc7e8]} Rc8 26. Rd8+ Rxd8 27. Rxd8+ Kg7 28. Ne8+ Kh6 29. h4 Rc1+ 30. Kf2 Rc2+ 31. Ke1) 25... Rxd8 26. Rxd8+ Kg7 27. Nd4 Bxd4+ 28. Rxd4 {[%mdl 4096] Endgame KRB-KRN} Ng3 {...Ne2+ is the strong threat.} 29. Ra4 Nf5 30. Bg5 f6 31. Bf4 (31. Bh4 {is more complex.} Ne3 32. g4 g5 33. Be1 Rg2+ 34. Kh1) 31... Nh4 32. Bh6+ {[%mdl 64] [#] Discovered Attack, Decoy. The position is equal.} Kxh6 33. Rxh4+ {KR-KR} Kg7 34. Rd4 Rc3 35. a4 Rc5 36. Kf2 Kf7 37. Rd7+ Ke6 38. Rxh7 Rc4 39. Ra7 Rxa4 40. Ra6+ Ke5 41. Ke3 g5 42. g3 Ra3+ 43. Ke2 Ra2+ 44. Ke3 f5 45. f4+ gxf4+ 46. gxf4+ Kd5 47. h4 Ra3+ 48. Ke2 Ke4 49. h5 Ra2+ 50. Ke1 Kxf4 51. h6 Rh2 (51... Ke3 {with more complications.} 52. Kf1 Kf3 53. Kg1 Ra4 54. h7 Rg4+) 52. Rxa5 Rxh6 53. Ra3 Rh2 54. Kf1 Kg4 55. Kg1 Rb2 56. Kf1 f4 57. Kg1 Rc2 (57... Kf5 {is interesting.} 58. Kf1 Ke4 59. Ke1 Rc2 60. Rb3 Kf5) 58. Rb3 Rc5 (58... Rc1+ {feels hotter.} 59. Kg2 Rc8 60. Kf1 Rh8 61. Kg1 Rh7) 59. Ra3 Re5 60. Kf2 Rh5 61. Kg2 Rb5 62. Kf1 Rc5 63. Kf2 Rc4 64. Rb3 f3 {White must now prevent ...Rc2+.} 65. Rb8 Rc2+ 66. Kf1 {Accuracy: White = 90%, Black = 88%.} 1/2-1/2

[Event "GEO-ch U20 Girls 2020"]
[Site "Tbilisi"]
[Date "2020.08.07"]
[Round "2.7"]
[White "Lagazauri, Tamar"]
[Black "Pipia, Ekaterine"]
[Result "0-1"]
[WhiteElo "1709"]
[BlackElo "2071"]
[Annotator "TA"]
[PlyCount "106"]
[EventDate "2020.08.06"]
[EventType "tourn"]
[EventCountry "GEO"]
[SourceTitle "playchess.com"]
[Source "ChessBase"]
[SourceQuality "1"]

{[%evp 13,106,-33,0,-24,-16,-25,-25,-18,-20,-40,0,0,0,0,0,0,0,0,-6,-15,0,0,0,-22,-11,-23,0,-16,-28,-77,8,0,0,0,-11,-48,0,0,0,0,0,0,14,0,0,0,0,-83,-69,-138,-69,-72,-20,-60,-26,-121,-88,-122,-133,-138,-64,-173,0,-138,-127,-109,-96,-86,-50,-1438,-241,-237,-281,-368,-345,-560,-551,-489,-424,-824,-826,-826,-811,-885,-846,-975,-917,-5625,-5712,-29971,-29968,-29985,-29986,-29987,-29988]} 1. d4 d5 2. c4 e6 3. Nf3 Nf6 4. g3 dxc4 5. Bg2 Nc6 6. O-O Rb8 7. Nc3 a6 8. Ne5 {E04: Open Catalan: 5 Nf3.} Nxe5 9. dxe5 Qxd1 10. Rxd1 {Black has an edge.} Nd7 {[#]} 11. Ne4 $146 ({Predecessor:} 11. f4 b5 12. Be3 Bc5 13. Kf2 Bb7 14. Bxb7 Rxb7 15. Ne4 Bxe3+ 16. Kxe3 Ke7 17. Rd4 {1-0 (50) Brunello,S (2477)-Prusikin,M (2549) Rogaska Slatina 2009}) 11... Be7 12. f4 Nc5 (12... b5 {looks sharper.} 13. a4 bxa4 14. Rxa4 Nb6 15. Ra1 Nd5) 13. Be3 Nxe4 14. Bxe4 Bd7 15. Rdc1 b5 16. Rc2 c5 17. b3 f5 18. Bf3 O-O 19. bxc4 b4 20. Rb2 a5 21. a4 bxa3 ({Better is} 21... g6 $17) 22. Rxb8 Rxb8 23. Rxa3 a4 24. Bd2 Kf8 (24... Rb2 $15 25. Ba5 Rb4 $1 {[%mdl 512]}) 25. e4 $11 Bc6 26. exf5 Bxf3 27. Rxf3 {[%mdl 4096] Endgame KRB-KRB} Rb2 28. Bc3 Rb1+ $1 29. Rf1 Rb3 30. Ba1 (30. Bd2 $11) 30... exf5 $17 31. Kg2 (31. Kf2 $1 $15) 31... Rb4 (31... Kf7 $17 32. e6+ Kxe6 33. Bxg7 h5) 32. Rc1 $1 $15 Bd8 (32... Kf7 $17) 33. Rc2 Ba5 34. e6 (34. Rc3 $1 $11 {remains equal.}) 34... Rb3 35. Be5 Ke7 36. Bxg7 Kxe6 ({Black should play} 36... a3 $1 $17 37. Kf2 Bb4) 37. Rb2 {[#]} (37. Re2+ $15 Kf7 38. Be5) 37... Rd3 $2 (37... Kf7 $1 $19 {[%cal Rf7g7]} 38. Be5 Rxb2+ 39. Bxb2 Bd8) 38. Ra2 {[#]} (38. Rb5 $11 {keeps the balance.} Bb4 39. Rb6+ Kf7 40. Rb7+ Ke6 41. Rb6+ Kd7 42. Rf6) 38... a3 $1 $17 {aiming for ...Rd2+.} 39. Kf2 Kd7 40. Be5 Kc6 41. Kg2 $2 {[%mdl 8192] Loses the game.} (41. Ke2 $15 Rb3 42. Kd1) 41... Kb6 $2 (41... Rd2+ 42. Rxd2 Bxd2) 42. Kh3 Bb4 43. Ra1 Ka5 44. Bb2 $2 (44. Kh4 {only move.} Re3 45. g4 fxg4 46. Kxg4) 44... Ka4 $19 45. Kh4 Rd2 46. Be5 (46. Bxa3 $142 Rxh2+ 47. Kg5 Bxa3 48. Kxf5) 46... Rxh2+ 47. Kg5 a2 48. Kxf5 Kb3 49. Rf1 Bc3 50. Ke6 Bxe5 51. fxe5 Rb2 {Black mates.} 52. Kd7 Rb1 53. Rf3+ Kb4 {Accuracy: White = 46%, Black = 65%.} 0-1

[Event "GEO-ch U20 Girls 2020"]
[Site "Tbilisi"]
[Date "2020.08.07"]
[Round "2.8"]
[White "Kirtadze, Anastasia"]
[Black "Janiashvili, Mariami"]
[Result "1/2-1/2"]
[WhiteElo "1679"]
[BlackElo "2012"]
[Annotator "TA"]
[PlyCount "149"]
[EventDate "2020.08.06"]
[EventType "tourn"]
[EventCountry "GEO"]
[SourceTitle "playchess.com"]
[Source "ChessBase"]
[SourceQuality "1"]

{[%evp 11,149,24,30,-137,-16,-22,-43,-73,-13,-19,21,-28,22,28,29,0,0,-3,-17,-18,-18,-34,-42,-57,-42,-45,-16,-34,-24,-23,62,45,68,30,68,73,57,47,44,31,54,24,36,19,193,180,210,104,132,116,124,20,18,22,41,33,31,46,67,68,66,-100,0,0,58,-87,-75,-145,-160,-154,-120,-255,-96,-257,-48,-58,51,-410,-408,-400,-385,-2131,-483,-2007,-1903,-1178,-295,-306,-275,-275,-257,-295,-232,-264,-220,-297,-75,-79,-79,-101,-6,-6,0,-8,0,-106,-106,-75,0,0,71,70,66,64,59,91,51,43,111,11,8,0,0,0,0,0,8,4,25,20,23,20,26,18,41,0,45,0,68,0]} 1. d4 Nf6 2. c4 g6 3. Nc3 Bg7 4. e4 d6 5. f3 O-O 6. Be3 c5 {now supersedes 6...e5.} 7. Bd3 $2 {[#] E81: King's Indian: Sämisch: 6th move deviations (including 6 Be3 c6).} (7. Nge2 $11) 7... cxd4 (7... Ng4 $1 $17 {[%cal Rg4e3][%mdl 512]} 8. fxg4 cxd4 9. Bxd4 Bxd4) 8. Bxd4 $11 Nc6 9. Be3 {Black is slightly better.} Be6 (9... e6 $1 $17) 10. Nge2 {[#]} Nd7 $146 ({Predecessor:} 10... Ne5 11. b3 Nxd3+ 12. Qxd3 Nd7 13. O-O Ne5 14. Qd2 Bh8 15. Rac1 Re8 16. Rfd1 b6 {1-0 (51) Gonzalez,F (1984)-Carlino,E (1910) Tacuari 2018}) 11. O-O Nc5 12. b3 $1 a5 13. Rb1 a4 14. Bc2 Qa5 15. Nd5 Bxd5 16. exd5 Nb4 17. Bd2 Qa7 18. Kh1 Nxc2 19. Qxc2 axb3 20. axb3 Qb6 ({Black should play} 20... b5 $11) 21. Be3 Qb4 22. Bd4 Ra3 {[%cal Ra3b3]} 23. Bxg7 $1 Kxg7 24. Qb2+ Kg8 {[%cal Ra3b3]} 25. Nd4 Ra6 26. Qe2 Qc3 27. Nb5 Qd3 $2 (27... Qe5 $11 {and Black is okay.} 28. Rfe1 Qxe2 29. Rxe2 Nxb3 {[%mdl 64] Back Rank}) 28. Qxe7 $18 Ra2 29. Qg5 ({Don't take} 29. Qxd6 Nxb3 30. Qb4 Nd2 $14) (29. Nxd6 $18 Re2 30. Qf6) 29... Nxb3 30. Nxd6 Nd2 31. Rbd1 (31. Rfd1 $16) 31... Qc2 $11 32. Rc1 Qb2 $1 33. Rfd1 Nxf3 34. Qg3 Nd4 35. Rb1 Qc2 {Threatening ...Rb2.} 36. Rbc1 $2 {[#]} (36. Rf1 $14) 36... Qb2 $2 (36... Ne2 $1 $17 {[%mdl 512]} 37. Rxc2 Nxg3+ 38. hxg3 Rxc2 39. Nxb7 Rxc4) 37. Rb1 $14 Qc2 {With the idea ...Rb2.} 38. Nb5 (38. Rf1 $14 {stays ahead.}) 38... Nf5 39. Qh3 (39. Qf3 $142) 39... Qxc4 $17 40. d6 Rd8 41. d7 (41. Qf3 $17 {is a better defense.}) 41... Qc6 $2 (41... Rf2 $19 {has better winning chances.} 42. Kg1 Re2) 42. Nc3 $2 (42. Nd4 $17 {was the only chance.} Qxd7 43. Qb3) 42... Rc2 $2 (42... Ra3 $19 43. Rdc1 Kg7) 43. Nd5 $15 {And now Nb4 would win.} Kg7 (43... Rc5 $15 44. Qd3 Kg7) 44. Qa3 $2 {[%mdl 8192]} (44. Nb4 $14 {was the only good move.} Qxg2+ {[%mdl 64] Decoy} 45. Qxg2 Rxg2 46. Kxg2 Ne3+ 47. Kg3 Nxd1 48. Rxd1) 44... Rxd7 $19 45. Qa1+ Kh6 46. Nf4 $2 (46. Qe5) 46... Rxd1+ 47. Rxd1 Ne3 48. Rg1 g5 $2 (48... Qd6 49. Qa4 b5 $1 {[%mdl 512]} 50. Qxc2 Nxc2) 49. Qd4 {[#]} Rc4 $1 50. Qxe3 {Threatens to win with Qh3+.} Rxf4 {[%mdl 4096] Endgame KQR-KQR} 51. Qe7 Qe4 52. Qf8+ Kg6 53. Qg8+ Kf6 $2 (53... Kh5 $19 {White must now prevent ...b5.} 54. Qb8 h6) 54. Qh8+ $17 {[#]} Ke7 $1 55. Qg7 Rf5 (55... Qf5 $17 {...Rf1 is the strong threat.} 56. Re1+ Re4 57. Rxe4+ Qxe4 58. Qxg5+ Ke6 59. Qh6+ f6 60. Qh3+ Ke7 61. Qa3+ Ke8 62. Qa8+ Kf7) 56. Qxh7 $11 Re5 57. Qg7 b5 58. Rf1 (58. Qh8 $11) 58... Rf5 {[%cal Rf5f1]} 59. Rc1 Rc5 ({Better is} 59... Qe2 $17 60. Rg1 Rf1 61. Qxg5+ Ke6 62. Qh6+ Kd5) 60. Ra1 Qe5 (60... Rf5 $11) 61. Ra7+ $16 Kd6 {[%cal Re5e1]} 62. Qf8+ Kd5 {[%cal Re5e1]} 63. Qxf7+ Kd4 64. Qf2+ Kd3 ({Black should try} 64... Kd5 $14 65. Qf7+ Kd4 66. Qf2+ Kc4) 65. Ra3+ (65. Qf1+ $16 Kd4 66. Qd1+ Kc4 67. Ra1) 65... Rc3 $132 {[%mdl 2048] Black is not keeping still} 66. Qf3+ Kc4 {( -> ...Qe1+)} 67. Qf1+ Kb4 68. Ra1 Kc5 69. Qf2+ Qd4 70. Qf5+ Qd5 71. Qf8+ Qd6 72. Qc8+ Qc6 73. Qf8+ Qd6 74. Qf2+ Qd4 75. Qf8+ {What a bad dream for Black. Accuracy: White = 51%, Black = 54%.} (75. Qf7 $1 $14) 1/2-1/2